spansk greier - Statistics

General Stats
  • This quiz has been taken 23 times
  • The average score is 5 of 12
Answer Stats
Hint Answer % Correct
kylling pollo
95%
ost queso
71%
sitron limòn
48%
mais maìz
38%
ananas pina
38%
biff carne
33%
løk cebolla
33%
avokado aguacate
24%
salat lechuga
24%
agurk pepino
24%
paprika pimiento
19%
koriander cilantro
14%
No matching quizzes found
Score Distribution
Percent of People with Each Score
Percentile by Number Answered
Your Score History
You have not taken this quiz